MARC

LEADER 00000nam0a2200000 4500
001 296488
005 20231102000918.0
020 |a RU  |b 84-33539 
035 |a (RuTPU)RU\TPU\book\321595 
090 |a 296488 
100 |a 20150601d1984 km y0rusy5003 ca 
101 0 |a rus 
102 |a UA 
105 |a y z 001zy 
200 1 |a Пути повышения эффективности труда на предприятиях черной металлургии  |f В. А. Минченко [и др.] 
210 |a Киев  |c Технiка  |d 1984 
215 |a 135 с. 
300 |a Авт. указаны на обороте тит. л. 
320 |a Библиогр.: с. 134 
606 1 |a Черная металлургия, предприятия  |x Организация производства  |2 stltpush  |3 (RuTPU)RU\TPU\subj\18677  |9 44065 
610 1 |a экономическая эффективность 
610 1 |a труд 
610 1 |a основные фонды 
610 1 |a использование 
610 1 |a ускорение 
610 1 |a обновление 
610 1 |a концентрация 
610 1 |a специализация 
610 1 |a трудовая дисциплина 
610 1 |a социалистическое соревнование 
610 1 |a конечные результаты 
675 |a 669.013:658.5  |v 3 
701 1 |a Минченко  |b В. А. 
701 1 |a Донец  |b Ю. В. 
701 1 |a Якименко  |b Г. С. 
701 1 |a Посылкина  |b О. В. 
801 0 |a RU  |b RuMRKP  |c 19950704  |g psbo 
801 1 |a RU  |b 63413507  |c 20150601 
801 2 |a RU  |b 63413507  |c 20190319  |g RCR 
942 |c BK